Szczegóły MARC21

Znużenie = (La Fatigue) /

003 -Nazwa inst., której nr kontr. jest w polu 001 [,]
    • @
    • Nazwa instytucji, której n kontrolny jest w polu 001
    • NUKAT
005 -DATA I CZAS OSTATNIEJ MODYFIKACJI [,]
    • @
    • pole kontrolne
    • 20241231105620.0
040 -Instytucja sporządzająca opis [ , ]
    • a
    • Instytucja, która sporządziła opis (NP)
    • LUBL M/mm
    • c
    • Instytucja, która sporządziła rekord (NP)
    • LUBL M/mm
    • d
    • Instytucja, która zmodyfikowała rekord (P)
    • LUBL M/JD
    • d
    • Instytucja, która zmodyfikowała rekord (P)
    • WR U/MBs
    • d
    • Instytucja, która zmodyfikowała rekord (P)
    • KR 122/MN
041 -Język dokumentu [1, ]
    • a
    • Język tekstu (P)
    • polski
    • h
    • Język tekstu oryginalnego i/lub pośredniego (P)
    • francuski
942 -Rodzaj dokumentu [ , ]
    • c
    • Rodzaj dokumentu
    • Książka
100 -Hasło główne - nazwa osobowa [1, ]
    • a
    • Nazwa osobowa (NP)
    • Joteykówna, Józefa Franciszka
    • d
    • Daty biograficzne (NP)
    • (1866-1928).
    • 9
    • KHW
    • 239014
240 -Tytuł ujednolicony [1,0]
    • a
    • Tytuł ujednolicony
    • Fatigue
    • l
    • Język tekstu
    • (pol.)
    • 9
    • KHW
    • 714950
245 -Strefa tytułu i oznaczenia odpowiedzialności [1,0]
    • a
    • Tytuł
    • Znużenie = Find
    • b
    • Ciąg dalszy tytułu (NP)
    • (La Fatigue) / Find
    • c
    • Pozostałe elementy strefy tytułu i oznaczenia odpowiedzialności (NP)
    • Józefa Joteyko ; przetł. Jan Falkowski ; pod red. Franciszka Czubalskiego.
260 -Strefa adresu wydawniczego [ , ]
    • a
    • Miejsce wydania (P)
    • Warszawa :
    • b
    • Nazwa wydawcy (P)
    • skł. gł. Książnica - Atlas,
    • c
    • Data wydania (P)
    • 1932
    • e
    • Miejsce druku (NP)
    • (Warszawa :
    • f
    • Nazwa drukarni (P)
    • Józef Jankowski).
300 -Strefa opisu fizycznego [ , ]
    • a
    • Określenie formy książki i/lub objętość (NP)
    • VII, [3], 276 s. ;
    • c
    • Format (NP)
    • 26 cm.
336 -Typ zawartości [ , ]
    • a
    • Termin opisujący typ zawartości
    • Tekst
    • b
    • Kod określający zawartość
    • txt
    • 2
    • Źródło (terminu i kodu)
    • rdacontent
337 -Typ mediów [ , ]
    • a
    • Tryb odtwarzania
    • Bez urządzenia pośredniczącego
    • b
    • Kod typu mediów
    • n
    • 2
    • Źródło (terminu i kodu)
    • rdamedia
338 -Typ/rodzaj nośnika [ , ]
    • a
    • Hasło opisujące typ nośnika
    • Wolumin
    • b
    • Kod typu nośnika
    • nc
    • 2
    • Źródło (terminu i kodu)
    • rdacarrier
536 -Uwaga dot. finansowania książki [ , ]
    • a
    • Tekst uwagi
    • Wydane z zasiłku Funduszu Kultury Narodowej
080 -Uniwersalna Klasyfikacja Dziesiętna [ , ]
    • a
    • Symbol klasyfikacji
    • 159.91
    • 9
    • UKD
    • 2413
    • 2
    • Identyfikator wydania tablic
    • UDC-P058
    • b
    • Dopowiedzenie
    • Psychofizjologia. System nerwowy: struktura i funkcje.
650 -Hasło przedmiotowe [ ,7]
    • a
    • Hasło przedmiotowe
    • Zmęczenie.
    • 2
    • Źródło terminu
    • kaba
    • 9
    • KHW
    • 137882
980 -Symbol UKD [ , ]
    • a
    • UKD
    • 159.91
700 -Hasło dodatkowe - nazwa osobowa [1, ]
    • a
    • Nazwa osobowa (NP)
    • Czubalski, Franciszek Find
    • d
    • Daty biograficzne (NP)
    • (1885-1965).
    • e
    • Określenie rodzaju współpracy
    • Tł.
    • 9
    • KHW
    • 262680
700 -Hasło dodatkowe - nazwa osobowa [1, ]
    • a
    • Nazwa osobowa (NP)
    • Falkowski, Jan Find
    • d
    • Daty biograficzne (NP)
    • (1867-1930?).
    • e
    • Określenie rodzaju współpracy
    • Tł.
    • 9
    • KHW
    • 714948
Numer inwentarzowy Status udost. Data inwentaryzacji Lokalizacja
Pd.1679012005-06-02BG